[Event "Campeonato Panamericano U20 Femenino El Salvador 2015"]
[Site "Palacio de los Deportes, Federacion Salvadoreña de Ajedrez"]
[Date "2015.07.17"]
[Round "3"]
[Board "6"]
[White "De Leon, Stephanie"]
[Black "Ramirez Gonzalez, Maria Jose"]
[Result "1/2-1/2"]
[WhiteElo "1654"]
[BlackElo "1736"]
[PlyCount "84"]
[EventDate "2015.07.16"]
[EventRounds "9"]
[EventCountry "ESA"]

1. e4 e5 2. Nf3 Nc6 3. Bc4 Nf6 4. Qe2 Bc5 5. c3 d6 6. b4 Bb6 7. a4 a6 8. Bb3
O-O 9. d3 h6 10. Nbd2 Nh5 11. Nf1 Qf6 12. h3 Nf4 13. Bxf4 exf4 14. Rc1 Re8 15.
N1d2 Bd7 16. O-O g5 17. Nh2 Qg6 18. Bd1 Kg7 19. Qh5 Ne7 20. a5 Ba7 21. Re1 Nc6
22. d4 f5 23. Qxg6+ Kxg6 24. Bc2 fxe4 25. Bxe4+ Kg7 26. Bf3 Rxe1+ 27. Rxe1 Re8
28. Rxe8 Bxe8 29. g3 fxg3 30. fxg3 Bd7 31. Kg2 Nd8 32. Nc4 Bb8 33. Ng4 Be6 34.
Nge3 Ba7 35. Be4 h5 36. Nf5+ Kf6 37. Nfe3 Bb8 38. Nd5+ Kf7 39. Nde3 Kf8 40. h4
gxh4 41. gxh4 Bf7 42. Bf3 Kg7  1/2-1/2

[Event "Campeonato Panamericano U20 Femenino El Salvador 2015"]
[Site "Palacio de los Deportes, Federacion Salvadoreña de Ajedrez"]
[Date "2015.07.17"]
[Round "3"]
[Board "7"]
[White "Garcia, Alcira"]
[Black "Villalobos, Alejandra"]
[Result "1-0"]
[WhiteElo "1725"]
[BlackElo "1622"]
[PlyCount "59"]
[EventDate "2015.07.16"]
[EventRounds "9"]
[EventCountry "ESA"]

1. e4 d5 2. exd5 Qxd5 3. Nc3 Qa5 4. d4 Nf6 5. Bc4 c6 6. Nf3 Bf5 7. Bd2 Qc7 8.
O-O e6 9. Re1 Be7 10. Ne5 O-O 11. Bf4 Bd6 12. Bb3 Nbd7 13. Qe2 Rad8 14. Rad1
Rfe8 15. h3 Nd5 16. Bd2 N7f6 17. Nxd5 exd5 18. f4 Ne4 19. Qf1 Re6 20. g4 Nxd2
21. Rxd2 Be4 22. Rxe4 dxe4 23. Bxe6 fxe6 24. Qe1 c5 25. Qxe4 cxd4 26. Nd3 Qe7
27. Re2 Rf8 28. f5 Qf7 29. Qxe6 Re8 30. Qxe8+  1-0

[Event "Campeonato Panamericano U20 Femenino El Salvador 2015"]
[Site "Palacio de los Deportes, Federacion Salvadoreña de Ajedrez"]
[Date "2015.07.17"]
[Round "3"]
[Board "9"]
[White "Palacios, Celina"]
[Black "Ortez, Andrea"]
[Result "1-0"]
[WhiteElo "1617"]
[BlackElo "1671"]
[PlyCount "63"]
[EventDate "2015.07.16"]
[EventRounds "9"]
[EventCountry "ESA"]

1. e4 c5 2. b3 d6 3. Bb2 e5 4. Nc3 g6 5. h4 h6 6. f4 Bg7 7. Qf3 exf4 8. O-O-O
Ne7 9. Qxf4 Be5 10. Qf3 Nbc6 11. Bc4 O-O 12. Nge2 a6 13. Rdf1 Be6 14. Nd5 Bxd5
15. Bxd5 Nxd5 16. exd5 Bxb2+ 17. Kxb2 Ne5 18. Qe3 Kg7 19. h5 g5 20. Ng3 Re8 21.
Nf5+ Kh7 22. Qe4 b5 23. Nxd6+ Kh8 24. Nxe8 Qxe8 25. Re1 f6 26. Rhf1 Qe7 27. d6
Qd8 28. Rf5 Ra7 29. Rxe5 fxe5 30. Qxe5+ Kg8 31. Qe6+ Kg7 32. Qg6+  1-0

[Event "Campeonato Panamericano U20 Femenino El Salvador 2015"]
[Site "Palacio de los Deportes, Federacion Salvadoreña de Ajedrez"]
[Date "2015.07.17"]
[Round "3"]
[Board "10"]
[White "Herrera, Marjorie"]
[Black "Castro, Venus Sabrina"]
[Result "1/2-1/2"]
[WhiteElo "1555"]
[BlackElo "1556"]
[PlyCount "87"]
[EventDate "2015.07.16"]
[EventRounds "9"]
[EventCountry "ESA"]

1. e4 c5 2. Nc3 d6 3. g3 g6 4. Bg2 Bg7 5. f4 e6 6. Nf3 Ne7 7. O-O O-O 8. d3
Nbc6 9. g4 f5 10. g5 Rb8 11. Be3 b5 12. Rb1 b4 13. Ne2 a5 14. c3 Ba6 15. Rc1
Qd7 16. Rf2 Rfc8 17. Ng3 e5 18. fxe5 Nxe5 19. Nxe5 dxe5 20. Rd2 f4 21. Bf2 fxg3
22. Bxg3 Rb6 23. Bf3 Rd8 24. Bg4 Qb7 25. Qb3+ Kh8 26. Rf2 Rc6 27. Be6 Qb6 28.
Bc4 Bxc4 29. Qxc4 Rcd6 30. Rf7 Nc6 31. Rcf1 bxc3 32. bxc3 R6d7 33. Qe6 Rxf7 34.
Rxf7 c4+ 35. Kg2 cxd3 36. Rxg7 Qb2+ 37. Kh3 Kxg7 38. Bxe5+ Nxe5 39. Qxe5+ Kf7
40. Qf6+ Ke8 41. Qe6+ Kf8 42. Qf6+ Ke8 43. Qe6+ Kf8 44. Qf6+  1/2-1/2

[Event "Campeonato Panamericano U20 Femenino El Salvador 2015"]
[Site "Palacio de los Deportes, Federacion Salvadoreña de Ajedrez"]
[Date "2015.07.18"]
[Round "4"]
[Board "1"]
[White "Jorquera Cabello, Valentina"]
[Black "Eswaran, Ashritha"]
[Result "0-1"]
[WhiteElo "2005"]
[BlackElo "2095"]
[PlyCount "100"]
[EventDate "2015.07.16"]
[EventRounds "9"]
[EventCountry "ESA"]

1. e4 c5 2. Nf3 d6 3. Bb5+ Nd7 4. d4 a6 5. Bxd7+ Bxd7 6. c4 cxd4 7. Qxd4 e5 8.
Qd3 h6 9. O-O Nf6 10. Rd1 Qc7 11. b3 Bc6 12. Nc3 Be7 13. a4 O-O 14. Ba3 Rfd8
15. b4 Rac8 16. b5 Be8 17. Nd5 Nxd5 18. cxd5 Qc4 19. Nxe5 Qxd3 20. Nxd3 Rc4 21.
e5 Rxa4 22. bxa6 bxa6 23. f3 Bb5 24. Nf2 Bf8 25. Ne4 dxe5 26. d6 Rd4 27. g4
Rxd1+ 28. Rxd1 Be2 29. Rd2 Bxf3 30. Nf2 f6 31. h3 Kf7 32. Kh2 Ke6 33. Nd3 Bxd6
34. Bxd6 Rxd6 35. Nc5+ Ke7 36. Rxd6 Kxd6 37. Nxa6 Bb7 38. Nb4 Kc5 39. Nc2 Be4
40. Ne3 Kd4 41. Nf1 g6 42. Kg3 f5 43. gxf5 gxf5 44. Kf2 f4 45. h4 Bd5 46. h5
Bf7 47. Nd2 e4 48. Ke1 Bxh5 49. Nb3+ Ke3 50. Nd2 Be2  0-1

[Event "Campeonato Panamericano U20 Femenino El Salvador 2015"]
[Site "Palacio de los Deportes, Federacion Salvadoreña de Ajedrez"]
[Date "2015.07.18"]
[Round "4"]
[Board "2"]
[White "Parkhurst Casas, Miriam"]
[Black "Librelato, Kathie Goulart"]
[Result "1-0"]
[WhiteElo "1869"]
[BlackElo "1842"]
[PlyCount "81"]
[EventDate "2015.07.16"]
[EventRounds "9"]
[EventCountry "ESA"]

1. e4 d6 2. d4 g6 3. g3 Bg7 4. Bg2 Nd7 5. Ne2 Ngf6 6. Nbc3 a6 7. O-O O-O 8. h3
c5 9. dxc5 Nxc5 10. Rb1 Rb8 11. b4 Ncd7 12. Be3 Qc7 13. Ba7 Ra8 14. Bd4 Nb6 15.
a4 Nfd7 16. Bxg7 Kxg7 17. a5 Nc4 18. Nd5 Qd8 19. Qd4+ Nde5 20. f4 Bd7 21. fxe5
Nxe5 22. Nb6 Rc8 23. Nxc8 Qxc8 24. Qc3 Qb8 25. Nf4 Rc8 26. Qb2 Bb5 27. Rfe1
Qa7+ 28. Kh2 Qf2 29. c4 Qxb2 30. Rxb2 Bxc4 31. Rc2 Re8 32. Rec1 g5 33. Nd5 Bb3
34. Rc8 Rxc8 35. Rxc8 e6 36. Ne3 Ba4 37. Nc4 Nc6 38. Nxd6 Nxb4 39. Nxb7 Nc6 40.
Nc5 Bb5 41. Nxa6  1-0

[Event "Campeonato Panamericano U20 Femenino El Salvador 2015"]
[Site "Palacio de los Deportes, Federacion Salvadoreña de Ajedrez"]
[Date "2015.07.18"]
[Round "4"]
[Board "3"]
[White "Natareno, Elvia"]
[Black "Gutierrez Espinosa, Karen"]
[Result "0-1"]
[WhiteElo "1675"]
[BlackElo "2078"]
[PlyCount "62"]
[EventDate "2015.07.16"]
[EventRounds "9"]
[EventCountry "ESA"]

1. d4 Nf6 2. c4 e6 3. Nc3 Bb4 4. Qc2 O-O 5. Nf3 d5 6. Bg5 Nbd7 7. e3 h6 8. Bh4
b6 9. Bd3 Bb7 10. O-O Be7 11. cxd5 exd5 12. Rac1 c5 13. b3 Rc8 14. Qe2 Ne4 15.
Bxe7 Qxe7 16. Ba6 Ndf6 17. Rfd1 cxd4 18. Nxe4 Nxe4 19. Rxc8 Rxc8 20. Rxd4 Bxa6
21. Qxa6 Rc1+ 22. Qf1 Rxf1+ 23. Kxf1 Qc5 24. Nd2 Qb5+ 25. Ke1 Nc3 26. Nc4 dxc4
27. Rxc4 Nxa2 28. Rc7 Qxb3 29. Ke2 Nc3+ 30. Kf3 Qd5+ 31. Kg4 Qxg2+  0-1

[Event "Campeonato Panamericano U20 Femenino El Salvador 2015"]
[Site "Palacio de los Deportes, Federacion Salvadoreña de Ajedrez"]
[Date "2015.07.18"]
[Round "4"]
[Board "4"]
[White "Cruz Lima, Kimberly Esmeralda"]
[Black "Vazquez Maccarini, Danitza"]
[Result "0-1"]
[WhiteElo "1718"]
[BlackElo "1948"]
[PlyCount "48"]
[EventDate "2015.07.16"]
[EventRounds "9"]
[EventCountry "ESA"]

1. e4 c5 2. Nf3 e6 3. Nc3 a6 4. a3 Nc6 5. d3 d5 6. exd5 exd5 7. h3 Nf6 8. d4 c4
9. Be2 h6 10. Ne5 Bd6 11. Ng4 Be6 12. Be3 Bc7 13. Bf3 Ba5 14. Nxf6+ Qxf6 15.
Qd2 O-O 16. O-O Rad8 17. Rad1 Bxh3 18. Nxd5 Rxd5 19. c3 Rd6 20. Bf4 Rxd4 21.
Be5 Nxe5 22. Qe3 Nxf3+ 23. Kh1 Bxg2+ 24. Kxg2 Rg4+  0-1

[Event "Campeonato Panamericano U20 Femenino El Salvador 2015"]
[Site "Palacio de los Deportes, Federacion Salvadoreña de Ajedrez"]
[Date "2015.07.18"]
[Round "4"]
[Board "5"]
[White "Palacios, Celina"]
[Black "Garcia, Alcira"]
[Result "0-1"]
[WhiteElo "1617"]
[BlackElo "1725"]
[PlyCount "44"]
[EventDate "2015.07.16"]
[EventRounds "9"]
[EventCountry "ESA"]

1. e4 e5 2. Bc4 Nf6 3. d3 Bc5 4. Nf3 Nc6 5. c3 a6 6. b4 Ba7 7. a4 O-O 8. Ba3
Re8 9. Qb3 d5 10. exd5 e4 11. O-O exf3 12. dxc6 fxg2 13. Bxf7+ Kh8 14. Kxg2
Qxd3 15. Qd1 Qh3+ 16. Kg1 Ng4 17. Qxg4 Bxg4 18. Kh1 Qf3+ 19. Kg1 Bh3 20. Bd5
Bxf2+ 21. Rxf2 Re1+ 22. Rf1 Rxf1#  0-1

[Event "Campeonato Panamericano U20 Femenino El Salvador 2015"]
[Site "Palacio de los Deportes, Federacion Salvadoreña de Ajedrez"]
[Date "2015.07.18"]
[Round "4"]
[Board "6"]
[White "Granados Diaz, Maria Esther"]
[Black "Guardado Flores, Diana Beatriz"]
[Result "1/2-1/2"]
[WhiteElo "1838"]
[BlackElo "1683"]
[PlyCount "57"]
[EventDate "2015.07.16"]
[EventRounds "9"]
[EventCountry "ESA"]

1. e4 c5 2. Nf3 d6 3. d4 cxd4 4. Nxd4 Nf6 5. Nc3 Nc6 6. Bc4 e6 7. Be3 Be7 8. h3
Bd7 9. Qe2 a6 10. a3 Qc7 11. Ba2 Rc8 12. O-O Ne5 13. Rae1 Nc4 14. Bc1 Nxa3 15.
Nd5 Nxd5 16. exd5 Nxc2 17. dxe6 fxe6 18. Nxe6 Bxe6 19. Bxe6 Nxe1 20. Bxc8 Qxc1
21. Bxb7 Qc7 22. Be4 Nxg2 23. Bxg2 O-O 24. Qxa6 Qc5 25. Qb7 Bh4 26. Qd5+ Kh8
27. Qxc5 dxc5 28. f4 Bf6 29. b3  1/2-1/2

[Event "Campeonato Panamericano U20 Femenino El Salvador 2015"]
[Site "Palacio de los Deportes, Federacion Salvadoreña de Ajedrez"]
[Date "2015.07.18"]
[Round "4"]
[Board "7"]
[White "Ramirez Gonzalez, Maria Jose"]
[Black "Cosme Contreras, Trilce"]
[Result "1-0"]
[WhiteElo "1736"]
[BlackElo "1755"]
[PlyCount "105"]
[EventDate "2015.07.16"]
[EventRounds "9"]
[EventCountry "ESA"]

1. d4 Nf6 2. Nf3 g6 3. Bf4 Bg7 4. h3 d6 5. e3 O-O 6. Be2 Nbd7 7. O-O Qe8 8. c4
e5 9. Bh2 Ne4 10. Qc2 f5 11. Nc3 Nxc3 12. bxc3 e4 13. Nd2 b6 14. Qb3 Kh8 15. a4
a5 16. Rfe1 Qe7 17. Rab1 Ba6 18. c5 bxc5 19. Bxa6 Rxa6 20. Qb7 Nb8 21. dxc5
dxc5 22. Bxc7 Bxc3 23. Red1 Be5 24. Bxb8 Qxb7 25. Bxe5+ Qg7 26. Bxg7+ Kxg7 27.
Rb7+ Rf7 28. Rdb1 Rd6 29. Rxf7+ Kxf7 30. Nc4 Ra6 31. Rb5 Ke6 32. Rxc5 Ra8 33.
Re5+ Kf6 34. Rxa5 Rc8 35. Nb6 Rc1+ 36. Kh2 Rf1 37. Kg3 g5 38. Nd5+ Ke6 39. Rb5
h5 40. Nc7+ Kd7 41. Rxf5 h4+ 42. Kg4 Kxc7 43. Kxg5 Rg1 44. Kxh4 Rxg2 45. Kh5
Kd6 46. a5 Ke6 47. Rf8 Rg7 48. a6 Ra7 49. Kg4 Rg7+ 50. Kf4 Ra7 51. Rh8 Kf6 52.
Rh5 Kg6 53. Ra5  1-0

[Event "Campeonato Panamericano U20 Femenino El Salvador 2015"]
[Site "Palacio de los Deportes, Federacion Salvadoreña de Ajedrez"]
[Date "2015.07.18"]
[Round "4"]
[Board "8"]
[White "Villalobos, Alejandra"]
[Black "De Leon, Stephanie"]
[Result "1/2-1/2"]
[WhiteElo "1622"]
[BlackElo "1654"]
[PlyCount "114"]
[EventDate "2015.07.16"]
[EventRounds "9"]
[EventCountry "ESA"]

1. e4 e5 2. Nf3 Nc6 3. d4 exd4 4. Nxd4 Bc5 5. Nb3 Bb6 6. Nc3 Nf6 7. Qe2 d6 8.
Be3 Be6 9. Nd5 Bxe3 10. Qxe3 Ne5 11. O-O-O c6 12. Nxf6+ Qxf6 13. Rxd6 Ng4 14.
e5 Qxf2 15. Qxf2 Nxf2 16. Rg1 O-O 17. Nc5 Bc8 18. Bc4 b6 19. Rf1 bxc5 20. Rxf2
Be6 21. Ba6 Rad8 22. Rxc6 Rd5 23. Re2 Rfd8 24. Re1 Bg4 25. Rd6 R5xd6 26. exd6
Be6 27. Rd1 Kf8 28. b3 Ke8 29. Bb5+ Bd7 30. Re1+ Kf8 31. Bd3 h6 32. Re7 Be6 33.
Bb5 g6 34. Rxa7 Rxd6 35. Rc7 Bd5 36. g3 Bf3 37. Rxc5 Rd1+ 38. Kb2 Rh1 39. Rc3
Bd5 40. h4 Rg1 41. a4 f5 42. a5 g5 43. hxg5 hxg5 44. a6 f4 45. gxf4 gxf4 46.
Be2 Rg3 47. Rxg3 fxg3 48. Bf1 g2 49. Bxg2 Bxg2 50. Kc3 Ke7 51. Kb4 Kd6 52. c4
Kc6 53. c5 Bf1 54. Ka5 Kxc5 55. a7 Bg2 56. b4+ Kd6 57. Kb6 Ba8  1/2-1/2

[Event "Campeonato Panamericano U20 Femenino El Salvador 2015"]
[Site "Palacio de los Deportes, Federacion Salvadoreña de Ajedrez"]
[Date "2015.07.18"]
[Round "4"]
[Board "9"]
[White "Santos, Judith"]
[Black "Herrera, Marjorie"]
[Result "0-1"]
[WhiteElo "1550"]
[BlackElo "1555"]
[PlyCount "82"]
[EventDate "2015.07.16"]
[EventRounds "9"]
[EventCountry "ESA"]

1. e4 e5 2. Nf3 Nc6 3. Bc4 Bc5 4. Qe2 Nf6 5. c3 O-O 6. b4 Bb6 7. a4 a6 8. d3 d5
9. Bb3 d4 10. Bg5 dxc3 11. Nxc3 Nxb4 12. Nxe5 Bd4 13. Rc1 Bxe5 14. O-O Bxh2+
15. Kh1 Be5 16. f4 Bxc3 17. Rxc3 Qd4 18. Rxc7 Bg4 19. Qe1 Nxd3 20. Bxf6 Qxf6
21. Qg3 Be2 22. Rb1 Qh6+ 23. Kg1 Qb6+ 24. Kh2 Qxc7 25. e5 Qc6 26. Qh4 Qh6 27.
Qxh6 gxh6 28. g3 Nc5 29. Bc2 Bd3 30. Bxd3 Nxd3 31. Rxb7 Rab8 32. Re7 Rb2+ 33.
Kh3 Nf2+ 34. Kh4 Rc8 35. Kh5 Rc1 36. Kxh6 Kf8 37. Ra7 Rh1+ 38. Kg5 h6+ 39. Kf5
Rh5+ 40. Kf6 Rb6+ 41. e6 Rxe6#  0-1

[Event "Campeonato Panamericano U20 Femenino El Salvador 2015"]
[Site "Palacio de los Deportes, Federacion Salvadoreña de Ajedrez"]
[Date "2015.07.18"]
[Round "5"]
[Board "1"]
[White "Eswaran, Ashritha"]
[Black "Parkhurst Casas, Miriam"]
[Result "1-0"]
[WhiteElo "2095"]
[BlackElo "1869"]
[PlyCount "77"]
[EventDate "2015.07.16"]
[EventRounds "9"]
[EventCountry "ESA"]

1. e4 e5 2. Nf3 Nc6 3. Nc3 Nf6 4. g3 Be7 5. Bg2 d6 6. d4 Bg4 7. d5 Nd4 8. Be3
Nxf3+ 9. Bxf3 Qd7 10. Bxg4 Nxg4 11. Bd2 f5 12. f3 Nf6 13. Qe2 a6 14. O-O-O fxe4
15. fxe4 b5 16. Rdf1 b4 17. Nd1 c5 18. Ne3 Qa4 19. Qc4 Qb5 20. Re1 O-O 21. Kb1
Ra7 22. Qd3 Rc8 23. Nc4 Rf8 24. Bg5 h6 25. Bxf6 Rxf6 26. Rhf1 Rxf1 27. Rxf1 a5
28. Nxe5 Qe8 29. Nc6 Ra8 30. Qc4 Bf6 31. Rf5 Qg6 32. Qd3 Re8 33. e5 dxe5 34. d6
e4 35. Qd5+ Kh7 36. d7 e3 37. dxe8=Q Qxe8 38. Rf4 e2 39. Qe4+  1-0

[Event "Campeonato Panamericano U20 Femenino El Salvador 2015"]
[Site "Palacio de los Deportes, Federacion Salvadoreña de Ajedrez"]
[Date "2015.07.18"]
[Round "5"]
[Board "2"]
[White "Gutierrez Espinosa, Karen"]
[Black "Jorquera Cabello, Valentina"]
[Result "1-0"]
[WhiteElo "2078"]
[BlackElo "2005"]
[PlyCount "75"]
[EventDate "2015.07.16"]
[EventRounds "9"]
[EventCountry "ESA"]

1. e4 c5 2. Nf3 d6 3. d4 cxd4 4. Nxd4 Nf6 5. Nc3 Nc6 6. Be3 e5 7. Ndb5 a6 8.
Na3 Ng4 9. Nd5 Nxe3 10. Nxe3 b5 11. c3 Be6 12. Nac2 Rb8 13. Qd2 Be7 14. Be2 O-O
15. O-O Qd7 16. Nd5 Rfd8 17. Rad1 f5 18. f3 f4 19. b3 Bh4 20. Kh1 a5 21. a4
bxa4 22. bxa4 Ne7 23. Bb5 Qa7 24. Nxe7+ Qxe7 25. c4 Qf7 26. Na3 Qh5 27. Rb1 Bg3
28. h3 Qh4 29. Bc6 Rxb1 30. Rxb1 Kf8 31. Rb8 Rxb8 32. Qxd6+ Kf7 33. Qxb8 Qe7
34. Nb5 Bxc4 35. Nd6+ Kf6 36. Nxc4 Qb4 37. Qxe5+ Kg6 38. Be8+  1-0

[Event "Campeonato Panamericano U20 Femenino El Salvador 2015"]
[Site "Palacio de los Deportes, Federacion Salvadoreña de Ajedrez"]
[Date "2015.07.18"]
[Round "5"]
[Board "3"]
[White "Vazquez Maccarini, Danitza"]
[Black "Garcia, Alcira"]
[Result "1-0"]
[WhiteElo "1948"]
[BlackElo "1725"]
[PlyCount "89"]
[EventDate "2015.07.16"]
[EventRounds "9"]
[EventCountry "ESA"]

1. e4 e5 2. Nf3 Nc6 3. Bb5 Bc5 4. O-O Nf6 5. Bxc6 dxc6 6. Nxe5 O-O 7. d3 Re8 8.
Nf3 Bg4 9. h3 Bh5 10. Bf4 Qe7 11. Nbd2 Rad8 12. Qb1 h6 13. a4 a5 14. c3 g5 15.
Bg3 Bg6 16. Ne5 Bh7 17. d4 Bb6 18. Kh1 Nh5 19. Bh2 c5 20. d5 Rxd5 21. Ndf3 Nf4
22. Bxf4 gxf4 23. Ng4 Rd6 24. Qc1 Bxe4 25. Qxf4 Bxf3 26. Qxf3 c6 27. Rad1 Red8
28. Rde1 Qg5 29. Re5 Qg6 30. Re7 h5 31. Ne5 Qf6 32. Qg3+ Kf8 33. Rxf7+ Qxf7 34.
Nxf7 Kxf7 35. Qf3+ Kg6 36. Re1 Rf6 37. Qe4+ Kh6 38. Qe7 Rdd6 39. Qxb7 Bd8 40.
Qc8 c4 41. Re2 Bb6 42. Qh8+ Kg6 43. Qg8+ Kh6 44. h4 Rd8 45. Qg5+  1-0

[Event "Campeonato Panamericano U20 Femenino El Salvador 2015"]
[Site "Palacio de los Deportes, Federacion Salvadoreña de Ajedrez"]
[Date "2015.07.18"]
[Round "5"]
[Board "4"]
[White "Librelato, Kathie Goulart"]
[Black "Ramirez Gonzalez, Maria Jose"]
[Result "1-0"]
[WhiteElo "1842"]
[BlackElo "1736"]
[PlyCount "105"]
[EventDate "2015.07.16"]
[EventRounds "9"]
[EventCountry "ESA"]

1. e4 e5 2. Nf3 Nc6 3. Bb5 a6 4. Ba4 Nf6 5. O-O b5 6. Bb3 Bc5 7. d3 h6 8. c3 d6
9. h3 Bb7 10. Re1 O-O 11. Nbd2 Bb6 12. Nf1 Re8 13. Ng3 d5 14. Qe2 dxe4 15. dxe4
Na5 16. Bc2 Nc4 17. b3 Nd6 18. Rd1 Qe7 19. Ba3 c5 20. Rd2 Rad8 21. Rad1 Qc7 22.
Nh2 Qc6 23. f3 b4 24. Bb2 c4+ 25. Kh1 Ba5 26. Rxd6 Rxd6 27. Rxd6 Qxd6 28. Nf5
Qc5 29. cxb4 Qxb4 30. a3 Qe1+ 31. Qxe1 Bxe1 32. bxc4 Bc6 33. Nf1 Bf2 34. N1e3
h5 35. Nd5 Nxd5 36. exd5 Bd7 37. Nd6 Re7 38. Ne4 Bd4 39. Bxd4 exd4 40. g4 hxg4
41. hxg4 Re8 42. Bd3 Rb8 43. c5 Bb5 44. Bxb5 axb5 45. d6 Kf8 46. c6 Ra8 47. c7
Ke8 48. Nc5 Rd8 49. d7+ Rxd7 50. c8=Q+ Rd8 51. Qc6+ Kf8 52. Qxb5 Kg8 53. Qc4
 1-0

[Event "Campeonato Panamericano U20 Femenino El Salvador 2015"]
[Site "Palacio de los Deportes, Federacion Salvadoreña de Ajedrez"]
[Date "2015.07.18"]
[Round "5"]
[Board "5"]
[White "De Leon, Stephanie"]
[Black "Granados Diaz, Maria Esther"]
[Result "0-1"]
[WhiteElo "1654"]
[BlackElo "1838"]
[PlyCount "40"]
[EventDate "2015.07.16"]
[EventRounds "9"]
[EventCountry "ESA"]

1. e4 Nf6 2. e5 Nd5 3. d4 d6 4. c4 Nb6 5. exd6 cxd6 6. d5 N8d7 7. a4 Ne5 8. a5
Nbd7 9. Nc3 Nf6 10. h3 g6 11. Nf3 Bg7 12. Bf4 Nfd7 13. Be2 O-O 14. Qc1 Nc5 15.
Qc2 Bf5 16. Qd1 Ncd3+ 17. Bxd3 Nxd3+ 18. Kf1 Nxf4 19. Kg1 Bd7 20. Qd2 Nh5  0-1

[Event "Campeonato Panamericano U20 Femenino El Salvador 2015"]
[Site "Palacio de los Deportes, Federacion Salvadoreña de Ajedrez"]
[Date "2015.07.18"]
[Round "5"]
[Board "6"]
[White "Herrera, Marjorie"]
[Black "Cruz Lima, Kimberly Esmeralda"]
[Result "0-1"]
[WhiteElo "1555"]
[BlackElo "1718"]
[PlyCount "104"]
[EventDate "2015.07.16"]
[EventRounds "9"]
[EventCountry "ESA"]

1. e4 e5 2. Nf3 Nc6 3. Bc4 Be7 4. d4 exd4 5. Nxd4 Ne5 6. Bb3 d6 7. Nc3 Nf6 8.
h3 h6 9. Be3 c5 10. Ba4+ Bd7 11. Bxd7+ Qxd7 12. Nf5 O-O 13. f4 Nc4 14. Qf3 Kh7
15. g4 g6 16. Nxe7 Qxe7 17. g5 hxg5 18. fxg5 Nh5 19. Nd5 Qe5 20. c3 Nxe3 21.
Qxe3 Rae8 22. O-O-O Qxe4 23. Qxe4 Rxe4 24. Rhe1 Rfe8 25. Kd2 R4e5 26. Nf6+ Nxf6
27. gxf6 Rxe1 28. Rxe1 Rxe1 29. Kxe1 Kh6 30. Kf2 g5 31. Kg3 Kg6 32. Kf3 Kxf6
33. b3 Kf5 34. c4 a6 35. a3 a5 36. a4 b6 37. Kg3 Kg6 38. Kg4 f5+ 39. Kg3 Kh5
40. Kf3 Kh4 41. Kg2 f4 42. Kf2 Kxh3 43. Kf3 g4+ 44. Kf2 g3+ 45. Ke2 g2 46. Ke1
g1=Q+ 47. Ke2 Qe3+ 48. Kd1 f3 49. Kc2 f2 50. Kd1 f1=R+ 51. Kc2 Rf2+ 52. Kd1
Qd2#  0-1

[Event "Campeonato Panamericano U20 Femenino El Salvador 2015"]
[Site "Palacio de los Deportes, Federacion Salvadoreña de Ajedrez"]
[Date "2015.07.18"]
[Round "5"]
[Board "7"]
[White "Guardado Flores, Diana Beatriz"]
[Black "Palacios, Celina"]
[Result "1/2-1/2"]
[WhiteElo "1683"]
[BlackElo "1617"]
[PlyCount "52"]
[EventDate "2015.07.16"]
[EventRounds "9"]
[EventCountry "ESA"]

1. e4 g6 2. d4 d6 3. Nf3 Bg7 4. Nc3 a6 5. a4 b6 6. Be3 Bb7 7. Bd3 Nd7 8. b4 c5
9. b5 a5 10. Qd2 Ngf6 11. O-O Ng4 12. Ne2 Nxe3 13. Qxe3 O-O 14. Rad1 Qc7 15. c4
cxd4 16. Nexd4 Nc5 17. Bc2 Rac8 18. Nd2 e5 19. Ne2 Ne6 20. Kh1 f5 21. exf5 gxf5
22. Qh3 Qf7 23. Qd3 Qg6 24. f3 Nc5 25. Qa3 Qh5 26. Ng3 Qg5  1/2-1/2

[Event "Campeonato Panamericano U20 Femenino El Salvador 2015"]
[Site "Palacio de los Deportes, Federacion Salvadoreña de Ajedrez"]
[Date "2015.07.18"]
[Round "5"]
[Board "8"]
[White "Cosme Contreras, Trilce"]
[Black "Natareno, Elvia"]
[Result "1-0"]
[WhiteElo "1755"]
[BlackElo "1675"]
[PlyCount "91"]
[EventDate "2015.07.16"]
[EventRounds "9"]
[EventCountry "ESA"]

1. c4 Nf6 2. Nc3 e6 3. Nf3 g6 4. g3 Bg7 5. Bg2 d6 6. O-O Nc6 7. e4 e5 8. d3 O-O
9. Rb1 Bg4 10. h3 Be6 11. b4 a6 12. a4 Nd4 13. Nxd4 exd4 14. Ne2 Nd7 15. f4 f5
16. exf5 Bxf5 17. g4 Be6 18. Qe1 Rb8 19. Qf2 Nb6 20. Nxd4 Bd7 21. a5 Na4 22.
Ne2 c5 23. Bd2 Bc6 24. b5 axb5 25. cxb5 Bxg2 26. Qxg2 Nb2 27. Qd5+ Kh8 28. Bc3
Na4 29. Bxg7+ Kxg7 30. f5 Qg5 31. f6+ Kh6 32. Qxg5+ Kxg5 33. Rf4 Rbe8 34. Rxa4
Rxe2 35. Rf1 Rb2 36. a6 Rxb5 37. a7 Ra8 38. f7 Kh4 39. f8=Q Rxf8 40. Rxf8 Kg3
41. a8=Q Rb2 42. Ra2 Rb3 43. Rg2+ Kxh3 44. Qa2 Rxd3 45. Rh2+ Kxg4 46. Qe2+  1-0

[Event "Campeonato Panamericano U20 Femenino El Salvador 2015"]
[Site "Palacio de los Deportes, Federacion Salvadoreña de Ajedrez"]
[Date "2015.07.18"]
[Round "5"]
[Board "9"]
[White "Castro, Venus Sabrina"]
[Black "Ortez, Andrea"]
[Result "1/2-1/2"]
[WhiteElo "1556"]
[BlackElo "1671"]
[PlyCount "80"]
[EventDate "2015.07.16"]
[EventRounds "9"]
[EventCountry "ESA"]

1. d4 d5 2. Nf3 e6 3. g3 Nf6 4. Bg2 c5 5. c4 Nc6 6. cxd5 exd5 7. O-O Be6 8. Nc3
Rc8 9. Bg5 h6 10. Bf4 Be7 11. Rc1 O-O 12. dxc5 Bxc5 13. Na4 Bd6 14. Bxd6 Qxd6
15. Nc5 Qe7 16. Nb3 Bg4 17. h3 Bh5 18. e3 Rfd8 19. Nbd4 Nxd4 20. Qxd4 Qe6 21.
Qxa7 Ra8 22. Qxb7 Rdb8 23. Qc6 Rxa2 24. Nd4 Qxc6 25. Rxc6 Rbxb2 26. Rc5 Bg6 27.
Bxd5 Nxd5 28. Rxd5 Bd3 29. Rd1 Ba6 30. Rf5 Bc8 31. Rf4 g5 32. Rf3 Bxh3 33. Rc1
Bg4 34. Rf6 Kg7 35. Rcc6 Bh3 36. Nf5+ Bxf5 37. Rxf5 g4 38. Rc1 f6 39. Rf4 h5
40. Kg2 Rc2  1/2-1/2

[Event "Campeonato Panamericano U20 Femenino El Salvador 2015"]
[Site "Palacio de los Deportes, Federacion Salvadoreña de Ajedrez"]
[Date "2015.07.19"]
[Round "6"]
[Board "1"]
[White "Eswaran, Ashritha"]
[Black "Gutierrez Espinosa, Karen"]
[Result "1-0"]
[WhiteElo "2095"]
[BlackElo "2078"]
[PlyCount "89"]
[EventDate "2015.07.16"]
[EventRounds "9"]
[EventCountry "ESA"]

1. e4 c5 2. Nf3 d6 3. d4 cxd4 4. Nxd4 Nf6 5. Nc3 a6 6. Be3 e5 7. Nf3 Be7 8. Bc4
Be6 9. Bb3 O-O 10. O-O Nbd7 11. Qd3 Rc8 12. Bxe6 fxe6 13. Ng5 Qa5 14. Nxe6 Rfe8
15. a3 Nc5 16. Nxc5 dxc5 17. Nd5 c4 18. Nxf6+ gxf6 19. Qd7 Qb5 20. Qe6+ Kg7 21.
Qg4+ Kh8 22. Bh6 Bf8 23. Bxf8 Rxf8 24. Rad1 Rc7 25. Qe6 Qxb2 26. Rd8 Qxa3 27.
Qxf6+ Kg8 28. Rfd1 Rcf7 29. Qg5+ Rg7 30. Qxe5 Rxg2+ 31. Kh1 Rg6 32. c3 b5 33.
Qd5+ Kh8 34. Qe5+ Kg8 35. Qb8 Rgf6 36. Rxf8+ Rxf8 37. Rg1+ Kf7 38. Qb7+ Kf6 39.
Qc6+ Ke5 40. Qd5+ Kf4 41. Qg5+ Kxe4 42. Qe3+ Kf5 43. Rg5+ Kf6 44. Qe5+ Kf7 45.
Rg7#  1-0